|
|
|
|
| LEADER |
02078nim a2200601 i 4500 |
| 001 |
001811808 |
| 003 |
CZ BrMZK |
| 005 |
20220517090532.0 |
| 007 |
sd fungnnmmned |
| 008 |
220113t20212021xr ||nng f n cze |
| 015 |
|
|
|a cnb003385421
|
| 024 |
3 |
|
|a 8596434011603
|
| 040 |
|
|
|a BOA001
|b cze
|e rda
|
| 043 |
|
|
|a e-xr---
|
| 045 |
|
|
|a x-y-
|
| 072 |
|
7 |
|a 821.162.3-3
|x Česká próza
|2 Konspekt
|9 25
|
| 072 |
|
7 |
|a 929
|x Biografie
|2 Konspekt
|9 8
|
| 080 |
|
|
|a 821.162.3-32
|2 MRF
|
| 080 |
|
|
|a 791/792.071.2-055.2
|2 MRF
|
| 080 |
|
|
|a 929
|2 MRF
|
| 080 |
|
|
|a (437.3)
|2 MRF
|
| 080 |
|
|
|a (0:82-322.6)
|2 MRF
|
| 080 |
|
|
|a (0:82-4)
|2 MRF
|
| 080 |
|
|
|a (086.7)08
|2 MRF
|
| 080 |
|
|
|a (086.76)
|2 MRF
|
| 100 |
1 |
|
|a Nesvačilová, Petra,
|d 1985-
|7 js20071221007
|4 aut
|4 nrt
|
| 245 |
1 |
0 |
|a Skutečná /
|c napsala a namluvila Petra Nesvačilová
|
| 264 |
|
1 |
|a [Praha] :
|b Témbr,
|c 2021
|
| 264 |
|
4 |
|c ©2021
|
| 300 |
|
|
|a 1 audiodisk (3 hod., 56 min.) ;
|c 12 cm
|
| 306 |
|
|
|a 035600
|
| 336 |
|
|
|a mluvené slovo
|b spw
|2 rdacontent
|
| 337 |
|
|
|a audio
|b s
|2 rdamedia
|
| 338 |
|
|
|a audiodisk
|b sd
|2 rdacarrier
|
| 344 |
|
|
|a digital
|b optical
|2 rda
|
| 347 |
|
|
|a audio soubor
|b MP3
|2 rda
|
| 500 |
|
|
|a Název z disku
|
| 500 |
|
|
|a Podle stejnojmenné knihy vydané nakladatelstvím Euromedia Group, a.s. v edici Ikar, 2021
|
| 508 |
|
|
|a Režie Natálie Deáková
|
| 600 |
1 |
7 |
|a Nesvačilová, Petra,
|d 1985-
|7 js20071221007
|2 czenas
|
| 648 |
|
7 |
|a 20.-21. století
|7 ch462155
|2 czenas
|
| 650 |
0 |
7 |
|a herečky
|7 ph120685
|z Česko
|y 20.-21. století
|2 czenas
|
| 655 |
|
7 |
|a české povídky
|7 fd133971
|2 czenas
|
| 655 |
|
7 |
|a autobiografické povídky
|7 fd131849
|2 czenas
|
| 655 |
|
7 |
|a fejetony
|7 fd132252
|2 czenas
|
| 655 |
|
7 |
|a úvahy
|7 fd134000
|2 czenas
|
| 655 |
|
7 |
|a audioknihy
|7 fd119452
|2 czenas
|
| 655 |
|
7 |
|a kompaktní disky
|7 fd201991
|2 czenas
|
| 700 |
1 |
|
|a Deáková, Natália,
|d 1981-
|7 jo2002112203
|4 drt
|
| 910 |
|
|
|a BOA001
|b CDR-1481.195
|
| 990 |
|
|
|a AV
|
| 991 |
|
|
|b 202205
|c NOV
|
| 996 |
6 |
|
|b 2610891887
|c CDR-1481.195
|l MZK
|r Sklad / do 24 hodin
|n 1
|p p.v.
|w 001875830
|u 000010
|a 1
|e BOA001
|j MZK50
|s P
|